| 000 | 00000nam##2200000za#4500 |
| 001 | 9.592236 |
| 003 | CaOODSP |
| 005 | 20210624201122 |
| 007 | cr ||||||||||| |
| 008 | 150406|2005||||xxc|||||o f|0| 0 fre|d |
| 020 | |a0-662-74339-3 |
| 040 | |aCaOODSP|bfre |
| 043 | |an-cn--- |
| 086 | 1 |aPS3-1/2005-1F-PDF |
| 110 | 1 |aCanada. |bSécurité publique et protection civile Canada. |
| 245 | 13|aLa validité de la Statique-99 pour l'évaluation des délinquants sexuels âgés / |h[ressource électronique]|c[par] R. Karl Hanson. |
| 260 | |aOttawa - Ontario : |bSécurité publique et Protection civile Canada |cc2005. |
| 300 | |a20p.|bréférences, tableaux |
| 490 | 1 |aRecherche sur les questions correctionnelles, rapport pour spécialistes|v2005-01 |
| 590 | |a12-43-Supp|b2012-12-07 |
| 691 | 07|aCrime sexuel|2gcpds |
| 775 | 08|tThe validity of Static-99 with older sexual offenders / |w(CaOODSP)9.559481 |
| 776 | 0#|tThe validity of Static-99 with older sexual offenders / |w(CaOODSP)9.541322 |
| 776 | 0#|tLa validité de la Statique-99 pour l'évaluation des délinquants sexuels agés / |w(CaOODSP)9.541323 |
| 830 | #0|aRecherche sur les questions correctionnelles, rapport pour spécialistes ;|v2005-01|w(CaOODSP)9.501168 |
| 856 | 40|ahttp://publications.gc.ca|qPDF|s157 Ko|uhttps://publications.gc.ca/collections/collection_2012/sp-ps/PS3-1-2005-1-fra.pdf|y2005-01 |